| 000 | 00772nam a22002057a 4500 | ||
|---|---|---|---|
| 003 | OSt | ||
| 005 | 20251127152734.0 | ||
| 008 | 251127b |||||||| |||| 00| 0 eng d | ||
| 020 | _a978-007-125920-0 | ||
| 040 |
_aDWCL-Main lib. _cOC |
||
| 082 |
_2-- Fourth edition. -- Int _aCirc. 910.285 C454i 2008 |
||
| 100 | _aChang, Kang-Tsung | ||
| 245 |
_aIntroduction to geographic information systems/ _cKang-Tsung Chang |
||
| 250 | _a-- Fourth edition. -- Int | ||
| 260 |
_aNew York : _bMcGraw-Hill, _cc2008. |
||
| 300 |
_axiv, 450 pages : _billustrations, maps ; _c 25 centimeters. _e+ 1 CD-ROM (4 3/4 in.) |
||
| 504 | _aIncludes bibliographical references | ||
| 650 | _aGeographic information systems. | ||
| 942 |
_2ddc _cBK-CIRC _e-- Fourth edition. -- Int _hCirc. _n0 |
||
| 999 |
_c6499 _d6499 |
||